Ley 41/1975, de 19 de noviembre de Bases del Estatuto de Régimen Local (B.O.E. no. 280, de 21 de noviembre de 1975)
Descripción Física:
186 p. ; 21 cm
MARC
| LEADER | 00000nam a2200000Ia 4500 | ||
|---|---|---|---|
| 001 | 1827 | ||
| 003 | BGR | ||
| 005 | 20260324175411.0 | ||
| 008 | 160829s1975 xx 000 0 cat d | ||
| 080 | |a D-1-98 | ||
| 110 | |a Espanya, |e jurisdicció promulgadora |9 69580 | ||
| 240 | |a Ley 41/1975, de 19 de noviembre, de Bases del Estatuto de Régimen Local | ||
| 245 | |a Ley 41/1975, de 19 de noviembre de Bases del Estatuto de Régimen Local (B.O.E. no. 280, de 21 de noviembre de 1975) | ||
| 260 | |a [Barcelona] : |b Diputación Provincial de Barcelona, Gabinete Técnico, |c 1975 | ||
| 300 | |a 186 p. ; |c 21 cm | ||
| 610 | 1 | 0 | |a Espanya. |t Ley 41/1975, de 19 de noviembre, de Bases del Estatuto de Régimen Local |9 55408 |
| 650 | 0 | |a Administració local |x Dret i legislació |z Espanya |9 11255 | |
| 710 | 1 | |a Barcelona (Catalunya : Província). |b Diputació |9 52408 | |
| 901 | |a Arxiu | ||
| 942 | |n 1 |2 udc |c MON | ||
| 952 | |0 0 |1 0 |4 0 |6 D198 |7 1 |9 45715 |a Arxiu |b Arxiu |d 2016-12-01 |l 0 |o D-1-98 |p 1827 |r 2016-12-01 00:00:00 |w 2016-12-01 |y ARXIU | ||
| 999 | |c 49215 |d 49215 | ||